Biomecánica del aparato locomotor aplicada al acondicionamiento muscular (Registro nro. 83442)

Detalles MARC
000 -ENCABEZADO
Número de control [NR] 00805nam a22002297a 4500
008 - DE LONGITUD FIJA DE DATOS DE ELEMENTOS - INFORMACIÓN GENERAL
Elementos de longitud fija [NR] 130821s1995 sp gr spa
020 ## - NUMERO INTERNACIONAL NORMALIZADO PARA LIBROS [R]
Número Internacional Normalizado del libro [NR] 8481740675
020 ## - NUMERO INTERNACIONAL NORMALIZADO PARA LIBROS [R]
Número Internacional Normalizado del libro [NR] 9788481740677
040 ## - FUENTE DE CATALOGACION [NR]
Agencia de catalogación original [NR] Co-BoUCM
Idioma de catalogación [NR] spa
041 00 - CODIGO DE IDIOMA [R]
Código de idioma para texto/pista de sonido o título separado [R] Español
060 ## - SIGNATURA TOPOGRAFICA DE LA BIBLIOTECA NACIONAL DE MEDICINA (NLM) [R]
Número clasificador [R] WE 103
Número de ítem [NR] F949b 3 ed.
-- 1995
100 ## - ASIENTO PRINCIPAL--NOMBRE PERSONAL [NR]
Nombre personal [NR] Fucci, Sergio
ID Autoridad 148093
245 00 - MENCION DE TITULO [NR]
Título [NR] Biomecánica del aparato locomotor aplicada al acondicionamiento muscular
Mención de responsabilidad, etc. [NR] Sergio Fucci ; Mario Benigni ; Vittorio Fornasari ; traducción Pedro Galilea Ballarini
250 ## - MENCION DE EDICION [NR]
Mención de edición [NR] 3a. ed.
260 ## - PUBLICACION, DISTRIBUCION, ETC. (PIE DE IMPRENTA) [R]
Lugar de publicación, distribución, etc. [R] Barcelona (España)
Nombre del editor, distribuidor, etc. [R] Mosby
Fecha de publicación, distribución, etc. [R] 1995
300 ## - DESCRIPCION FISICA [R]
Extensión [R] 111 páginas
500 ## - NOTA GENERAL [R]
Nota general [NR] Contenido : Aparato musculosqueletico
650 04 - ASIENTO SECUNDARIO DE MATERIA - TERMINO TEMATICO [R]
Término temático o nombre geográfico como elemento de entrada [NR] Ciencias naturales
9 (RLIN) 10813
650 04 - ASIENTO SECUNDARIO DE MATERIA - TERMINO TEMATICO [R]
Término temático o nombre geográfico como elemento de entrada [NR] Fisioterapia
9 (RLIN) 15956
650 04 - ASIENTO SECUNDARIO DE MATERIA - TERMINO TEMATICO [R]
Término temático o nombre geográfico como elemento de entrada [NR] Rehabilitación
9 (RLIN) 361
942 ## - ELEMENTOS DE ENTRADA AGREGADOS (KOHA)
Tipo de ítem principal el descrito en 300a Libro
Tema principal Ciencias de la salud
Edición 3
Parte restante de la signatura top. F949B
Sistema de clasificación NLM
Clasificación WE 103
Título oculto en OPAC No
Existencias
Fecha de último préstamo Total préstamos Total Renewals Signatura topográfica Código de barras Última vez visto Volúmen / Fascículo Ejemplar Price effective from Tipo de ítem Perdido Sistema de clasificación Dañado No prestable Tipo de ítem específico Suprimido Ubicación habitual Ubicación actual Localización Fecha de creación Forma de adquisición Costo
27/08/2012 101   WE 103 F949B 200001959 09/12/2017 3 ED. 1995 Ej.1 03/02/2013 Libro   NLM     Libro   Bodega Bodega Préstamo 4 días después de solicitado 28/02/2003 Compra 62000.00
30/09/2013 112 1 WE 103 F949B 200000371 06/12/2016 3 ED. 1995 Ej.2 03/02/2013 Libro   NLM     Libro   Bodega Bodega Préstamo 4 días después de solicitado 28/02/2003 Compra 62000.00
10/10/2016 186 9 WE 103 F949B 200007008 13/03/2026 3Ed. Ej.3 03/02/2013 Libro   NLM     Libro   Quinta de Mutis Quinta de Mutis 2do piso 28/02/2003 Compra 0.00